| 000 | 00771nam a2200253Ia 4500 | ||
|---|---|---|---|
| 003 | OSt | ||
| 005 | 20220925165546.0 | ||
| 006 | a|||||r|||| 00| 0 | ||
| 007 | ta | ||
| 008 | 220923b |||||||| |||| 00| 0 eng d | ||
| 037 | _cGeneral Book | ||
| 040 |
_aRTL _cRTL _beng |
||
| 041 |
_2eng _aeng |
||
| 082 | _aU673:(B), M2 | ||
| 100 |
_aBennett David _9132712 |
||
| 245 | 0 |
_aOn rational grounds _bSystems analysis in catcheme |
|
| 260 |
_aAmsterdam _bElsevier Scientific _c1982 |
||
| 300 |
_axxxii,362p _ccm. |
||
| 490 | _aDevelopments In Landscape Management And Urban Planning. 4 | ||
| 650 | _aGeography | ||
| 700 |
_a Thomas John F _9233860 |
||
| 942 |
_hU673:(B), M2 _cGB _2CC |
||
| 999 |
_c477551 _d477551 |
||